[Event "Chigorin Memorial"]
[Site "St Petersburg"]
[Date "2016.10.21"]
[Round "7.97"]
[White "Hong, Xing"]
[Black "Shpartko, Grigory"]
[Result "0-1"]
[WhiteElo "2013"]
[BlackElo "2201"]
[PlyCount "84"]
[EventDate "2016.10.15"]
[EventType "swiss"]
[EventRounds "9"]
[EventCountry "RUS"]

1. e4 e5 2. Nf3 Nc6 3. Nc3 Nf6 4. d4 exd4 5. Nxd4 Nxd4 6. Qxd4 d6 7. Bc4 Be7 8.
O-O O-O 9. h3 Nd7 10. f4 c6 11. Be3 Re8 12. Qd2 b5 13. Nxb5 cxb5 14. Bxf7+ Kh8
15. Bxe8 Qxe8 16. Qd5 Ba6 17. e5 b4 18. Rfd1 Bf8 19. Bf2 Rc8 20. exd6 Rxc2 21.
Qf5 Qe2 22. Rf1 Bb5 23. Qf7 Rc8 24. Rfe1 Qxb2 25. Rad1 Qf6 26. Qxf6 gxf6 27.
Rd2 a5 28. Re4 Kg8 29. g4 Kf7 30. Be1 Nc5 31. Re3 Rd8 32. Rd5 Bxd6 33. Bf2 Bc6
34. Rd4 Ne6 35. Rc4 Bd5 36. Rc2 Bxf4 37. Re1 Ng5 38. Bb6 Nf3+ 39. Kf2 Nxe1 40.
Kxe1 Re8+ 41. Kf2 a4 42. Bd4 Be5 0-1

[Event "Chigorin Memorial"]
[Site "St Petersburg"]
[Date "2016.10.21"]
[Round "7.98"]
[White "Sergeeva, Natalia"]
[Black "Kuznetsov, Felix"]
[Result "0-1"]
[WhiteElo "2013"]
[BlackElo "2200"]
[PlyCount "80"]
[EventDate "2016.10.15"]
[EventType "swiss"]
[EventRounds "9"]
[EventCountry "RUS"]

1. e4 c5 2. Nf3 Nc6 3. d4 cxd4 4. Nxd4 Nf6 5. Nc3 d6 6. Bg5 e6 7. Qd2 a6 8.
O-O-O Bd7 9. f4 b5 10. Bxf6 gxf6 11. f5 b4 12. fxe6 fxe6 13. Nce2 Qa5 14. Kb1
Qe5 15. Nxc6 Bxc6 16. Qxb4 Bxe4 17. Ng3 d5 18. Qa4+ Kf7 19. Nxe4 dxe4 20. Rd7+
Kg6 21. Bc4 Bc5 22. Qc6 Rab8 23. Bb3 Rb6 24. Qa4 f5 25. Qc4 Rhb8 26. c3 a5 27.
g4 f4 28. Re1 Be3 29. Ka1 Rb5 30. Re7 R5b6 31. Bc2 Kf6 32. Rxh7 Rxb2 33. g5+
Kxg5 34. Bxe4 R2b4 35. h4+ Kf6 36. Rh6+ Kf7 37. Qc6 Qxe4 38. Qd7+ Kg8 39. Qxe6+
Qxe6 40. Rxe6 Rc4 0-1

[Event "Chigorin Memorial"]
[Site "St Petersburg"]
[Date "2016.10.21"]
[Round "7.99"]
[White "Petrov, Dmitri"]
[Black "Kuznetsov, Roman"]
[Result "0-1"]
[WhiteElo "2200"]
[BlackElo "1990"]
[PlyCount "74"]
[EventDate "2016.10.15"]
[EventType "swiss"]
[EventRounds "9"]
[EventCountry "RUS"]

1. e4 e6 2. d4 d5 3. Nd2 Nf6 4. e5 Nfd7 5. Bd3 c5 6. c3 Nc6 7. Ne2 Be7 8. O-O
O-O 9. f4 cxd4 10. cxd4 f6 11. Nf3 f5 12. Kh1 Nb6 13. h3 Qe8 14. g4 Kh8 15. Rg1
Bd7 16. Qe1 Nb4 17. Bb1 Bb5 18. Qd1 a5 19. a3 Nc6 20. Nc3 Ba6 21. Ng5 Bxg5 22.
fxg5 f4 23. Rg2 Nc4 24. Bd3 Qd8 25. h4 Qb6 26. b3 Qxd4 27. bxc4 dxc4 28. Be4
Qxc3 29. Bb2 Qh3+ 30. Rh2 Qe3 31. Qc2 f3 32. Rf1 Nd4 33. Bxd4 Qxd4 34. Bxh7 c3
35. Rff2 Rad8 36. Rh3 Qxg4 37. Kh2 Rd2 0-1

[Event "Chigorin Memorial"]
[Site "St Petersburg"]
[Date "2016.10.21"]
[Round "7.100"]
[White "Reshetnikov, Ruslan"]
[Black "Aseeva, Anastasia"]
[Result "1/2-1/2"]
[WhiteElo "2196"]
[BlackElo "1969"]
[PlyCount "81"]
[EventDate "2016.10.15"]
[EventType "swiss"]
[EventRounds "9"]
[EventCountry "RUS"]

1. c4 c5 2. Nc3 Nc6 3. g3 g6 4. Bg2 Bg7 5. e3 e5 6. Nge2 Nge7 7. O-O O-O 8. d3
d6 9. Rb1 Be6 10. Nd5 Bxd5 11. cxd5 Nb4 12. Nc3 f5 13. a3 Na6 14. f4 Nc7 15.
Bd2 a5 16. b4 axb4 17. axb4 b6 18. bxc5 bxc5 19. Rb7 Rb8 20. Qb3 exf4 21. gxf4
Rxb7 22. Qxb7 Qb8 23. Rb1 Qxb7 24. Rxb7 Bxc3 25. Bxc3 Nexd5 26. Ba5 Rf7 27. e4
fxe4 28. dxe4 Nxf4 29. Bxc7 Kg7 30. Ra7 Ne2+ 31. Kh1 c4 32. Ra2 Rxc7 33. Rxe2
c3 34. Rc2 Kf6 35. Kg1 Ke5 36. Kf2 Kd4 37. Ke2 Rb7 38. Kd1 Rb1+ 39. Rc1 Rb2 40.
Rc2 Rb1+ 41. Rc1 1/2-1/2

[Event "Chigorin Memorial"]
[Site "St Petersburg"]
[Date "2016.10.21"]
[Round "7.101"]
[White "Zavgorodniaya, Alena"]
[Black "Yeritsyan, Hayk"]
[Result "0-1"]
[WhiteElo "2011"]
[BlackElo "2191"]
[PlyCount "96"]
[EventDate "2016.10.15"]
[EventType "swiss"]
[EventRounds "9"]
[EventCountry "RUS"]

1. e4 c5 2. Nf3 Nc6 3. Bb5 g6 4. Bxc6 bxc6 5. O-O Bg7 6. Re1 Nh6 7. c3 O-O 8.
d4 cxd4 9. cxd4 d5 10. e5 f6 11. Nbd2 Nf7 12. Qe2 Qb6 13. Qe3 fxe5 14. Nxe5 Bh6
15. Qc3 Nxe5 16. Rxe5 Bg7 17. Nf3 Bg4 18. Rxe7 Bxf3 19. gxf3 Qxd4 20. Rxg7+
Qxg7 21. Qxg7+ Kxg7 22. Be3 Rxf3 23. Rc1 Rxe3 24. fxe3 Rc8 25. Rc5 Kf6 26. Kf2
Ke5 27. b4 g5 28. Ke2 h5 29. Kd2 Kd6 30. Ra5 Rc7 31. e4 Rf7 32. exd5 cxd5 33.
Ke3 Ke5 34. h3 Rc7 35. Kd3 g4 36. hxg4 hxg4 37. Ke3 g3 38. Kf3 Rg7 39. Kg2 Ke4
40. b5 d4 41. Ra6 Rd7 42. Re6+ Kf4 43. Rf6+ Kg4 44. Rg6+ Kf5 45. Rxg3 d3 46.
Rf3+ Ke4 47. Rf1 d2 48. Rd1 Ke3 0-1

[Event "Chigorin Memorial"]
[Site "St Petersburg"]
[Date "2016.10.21"]
[Round "7.102"]
[White "Konaplev, Anton"]
[Black "Nazarova, Anastasia"]
[Result "1-0"]
[WhiteElo "2185"]
[BlackElo "1963"]
[PlyCount "65"]
[EventDate "2016.10.15"]
[EventType "swiss"]
[EventRounds "9"]
[EventCountry "RUS"]

1. d4 Nf6 2. c4 g6 3. Nc3 Bg7 4. e4 d6 5. Be2 O-O 6. Bg5 Nbd7 7. Qd2 e5 8. d5
a5 9. f3 Nc5 10. O-O-O Bd7 11. g4 Qe7 12. h4 Rfd8 13. h5 Be8 14. Nh3 Rab8 15.
Rh2 c6 16. Rdh1 Ncd7 17. Nf2 Nf8 18. Kb1 Qc7 19. Nfd1 Qb6 20. Ne3 N8d7 21. Bd3
h6 22. hxg6 hxg5 23. gxf7+ Kxf7 24. Nf5 Nf8 25. Qxg5 Ng6 26. Rh6 Kf8 27. Nxg7
Kxg7 28. Rxg6+ Bxg6 29. Rh6 Qg1+ 30. Kc2 Qf2+ 31. Be2 Ng8 32. Qxg6+ Kf8 33. Rh7
1-0

[Event "Chigorin Memorial"]
[Site "St Petersburg"]
[Date "2016.10.21"]
[Round "7.103"]
[White "Shirshov, Nikolay"]
[Black "Khadzhiev, Valery"]
[Result "0-1"]
[WhiteElo "1945"]
[BlackElo "2170"]
[PlyCount "114"]
[EventDate "2016.10.15"]
[EventType "swiss"]
[EventRounds "9"]
[EventCountry "RUS"]

1. d4 d5 2. c4 e6 3. Nc3 Nf6 4. cxd5 exd5 5. Bg5 c6 6. e3 Be7 7. Bd3 O-O 8. h3
Ne4 9. Bf4 f5 10. Nf3 Bd6 11. Ne5 Qe7 12. Qc2 Nd7 13. Nxd7 Bxd7 14. Bxd6 Qxd6
15. g4 Rae8 16. O-O-O Kh8 17. gxf5 Bxf5 18. Bxe4 Bxe4 19. Nxe4 Rxe4 20. Rdg1
Qh6 21. Rg3 Rxd4 22. Kb1 Re4 23. Rhg1 Re7 24. R1g2 Qf6 25. Ka1 Rff7 26. a3 Re4
27. Rg5 g6 28. Ka2 Re5 29. h4 Rxg5 30. hxg5 Qe5 31. Rg3 Kg8 32. f4 Qe6 33. Ka1
Re7 34. Rf3 Qe4 35. Qf2 Rf7 36. Qg3 Qf5 37. Qe1 c5 38. Qa5 b6 39. Qb5 Qe4 40.
Qc6 Re7 41. Qd6 Qe6 42. Qd8+ Re8 43. Qc7 d4 44. f5 gxf5 45. exd4 Qc4 46. Qg3
Qxd4 47. Rd3 f4 48. Qf3 Re1+ 49. Ka2 Qc4+ 50. Rb3 Re3 51. Qa8+ Kg7 52. Qxa7+
Kg6 53. Qxb6+ Kh5 54. g6 hxg6 55. a4 Qxa4+ 56. Ra3 Qc4+ 57. Kb1 Re1# 0-1

[Event "Chigorin Memorial"]
[Site "St Petersburg"]
[Date "2016.10.21"]
[Round "7.104"]
[White "Ismagilov, Damir"]
[Black "Scott, Gordon W"]
[Result "0-1"]
[WhiteElo "1927"]
[BlackElo "2168"]
[PlyCount "80"]
[EventDate "2016.10.15"]
[EventType "swiss"]
[EventRounds "9"]
[EventCountry "RUS"]

1. d4 Nf6 2. Nf3 g6 3. Bg5 Bg7 4. Nbd2 O-O 5. e4 d5 6. Bd3 dxe4 7. Nxe4 Nxe4 8.
Bxe4 c5 9. c3 cxd4 10. cxd4 Nc6 11. Bxc6 bxc6 12. O-O Re8 13. Re1 Be6 14. Rc1
Bd5 15. Rc3 Qb6 16. Rxe7 Rxe7 17. Bxe7 Bxf3 18. Qxf3 Re8 19. Re3 Bxd4 20. Re2
Qb5 21. a4 Qxa4 22. g3 Bxb2 23. Kg2 Qb5 24. Qe3 Ba3 25. Bxa3 Rxe3 26. Rxe3 g5
27. h4 Qd5+ 28. Kh2 gxh4 29. gxh4 f5 30. h5 f4 31. Re8+ Kg7 32. Bb2+ Kf7 33.
Re5 Qd2 34. Rf5+ Ke6 35. Re5+ Kd6 36. Rg5 Qxb2 37. h6 Qxf2+ 38. Kh3 a5 39. Rg7
a4 40. Rg2 Qxg2+ 0-1

[Event "Chigorin Memorial"]
[Site "St Petersburg"]
[Date "2016.10.21"]
[Round "7.105"]
[White "Shurunov, Andrei"]
[Black "Budnikova, Varvara"]
[Result "1-0"]
[WhiteElo "2158"]
[BlackElo "1906"]
[PlyCount "65"]
[EventDate "2016.10.15"]
[EventType "swiss"]
[EventRounds "9"]
[EventCountry "RUS"]

1. e4 c5 2. Nf3 Nc6 3. Bb5 e6 4. Bxc6 bxc6 5. d3 Ne7 6. Qe2 Ng6 7. h4 h5 8. e5
Ne7 9. Nbd2 Nf5 10. c3 Ba6 11. Ne4 Rb8 12. b3 Qa5 13. O-O Rxb3 14. axb3 Qxa1
15. Bb2 Qa5 16. Ra1 Qb6 17. Bc1 Be7 18. c4 O-O 19. Bg5 f6 20. Bd2 Kf7 21. Bc3
Bc8 22. exf6 gxf6 23. Nfg5+ Kg6 24. Nh3 e5 25. f4 d6 26. g4 Nxh4 27. f5+ Kf7
28. Be1 hxg4 29. Bxh4 Rh8 30. Qxg4 Rg8 31. Bg5 fxg5 32. Qh5+ Kf8 33. f6 1-0

[Event "Chigorin Memorial"]
[Site "St Petersburg"]
[Date "2016.10.21"]
[Round "7.106"]
[White "Bondarenko, Dmitry"]
[Black "Fomin, Andrey"]
[Result "0-1"]
[WhiteElo "1918"]
[BlackElo "2150"]
[PlyCount "170"]
[EventDate "2016.10.15"]
[EventType "swiss"]
[EventRounds "9"]
[EventCountry "RUS"]

1. Nf3 d5 2. c4 d4 3. g3 c5 4. Bg2 Nc6 5. O-O Bg4 6. b3 Qd7 7. Re1 Bh3 8. Bh1
h5 9. e3 Bg4 10. exd4 Nxd4 11. Bb2 Nxf3+ 12. Bxf3 O-O-O 13. Bxg4 Qxg4 14. Qxg4+
hxg4 15. Re5 b6 16. Rg5 Nf6 17. Bxf6 exf6 18. Rxg4 f5 19. Rf4 g6 20. a4 Rd3 21.
Nc3 Bd6 22. Rh4 Rxh4 23. gxh4 Rh3 24. Re1 Kd7 25. Re3 Rxh4 26. Rd3 Kc6 27. h3
Be5 28. Ne2 Re4 29. Re3 Bg7 30. Rxe4 fxe4 31. Kf1 Kd6 32. Ng3 Ke5 33. Ke2 Bh6
34. d3 f5 35. dxe4 fxe4 36. Kd1 Kd4 37. Kc2 e3 38. f3 e2 39. Nxe2+ Ke3 40. Nc3
Kxf3 41. Kd3 Kg3 42. a5 Kxh3 43. a6 g5 44. Ke4 g4 45. Kd5 g3 46. Kc6 g2 47. Ne2
Kg4 48. Kb7 Kf3 49. Ng1+ Kf2 50. Nh3+ Kg3 51. Ng1 Be3 52. Kxa7 Bxg1 53. Kxb6
Bd4 54. a7 g1=Q 55. a8=Q Qb1 56. Qa3 Qg6+ 57. Ka7 Qf7+ 58. Ka8 Qf8+ 59. Ka7 Bc3
60. Qc1 Qe7+ 61. Ka8 Bb4 62. Qg1+ Kf4 63. Qf2+ Ke5 64. Qg3+ Ke6 65. Qh3+ Kd6
66. Qh6+ Kc7 67. Qf4+ Kd7 68. Qf5+ Ke8 69. Qg6+ Kf8 70. Qh6+ Kf7 71. Qh7+ Ke6
72. Qe4+ Kd7 73. Qb7+ Ke8 74. Qc6+ Kf7 75. Qf3+ Qf6 76. Qb7+ Kg6 77. Qg2+ Qg5
78. Qe4+ Qf5 79. Qg2+ Kf6 80. Qc6+ Ke5 81. Qd5+ Kf4 82. Qd6+ Ke3 83. Qd1 Qf3+
84. Qxf3+ Kxf3 85. Kb7 Ke3 0-1

[Event "Chigorin Memorial"]
[Site "St Petersburg"]
[Date "2016.10.21"]
[Round "7.107"]
[White "Nasybullina, Alfia"]
[Black "Shmoilov, Dmitry"]
[Result "1-0"]
[WhiteElo "2149"]
[BlackElo "1916"]
[PlyCount "79"]
[EventDate "2016.10.15"]
[EventType "swiss"]
[EventRounds "9"]
[EventCountry "RUS"]

1. d4 Nf6 2. Nf3 g6 3. c4 c5 4. e3 Bg7 5. Nc3 O-O 6. Bd3 cxd4 7. exd4 d5 8. O-O
Nc6 9. c5 Bg4 10. Be3 e5 11. dxe5 Nxe5 12. Be2 Nc6 13. Bg5 Be6 14. Nb5 Qa5 15.
a3 h6 16. b4 Qd8 17. Be3 Ng4 18. Bd4 Nxd4 19. Nbxd4 Bd7 20. b5 Qc7 21. Rc1 Rfd8
22. c6 Be8 23. cxb7 Qxb7 24. Nc6 Rd6 25. Nfd4 Ne5 26. Nxe5 Bxe5 27. a4 Qb6 28.
Nb3 Rb8 29. Re1 Bf4 30. Rc5 d4 31. Bd3 Qd8 32. Nd2 Rd5 33. Rxd5 Qxd5 34. Ne4
Kg7 35. g3 Bc7 36. Qc1 Ba5 37. Qf4 Rb6 38. Rc1 Qb3 39. Qe5+ Kf8 40. Rc7 1-0

[Event "Chigorin Memorial"]
[Site "St Petersburg"]
[Date "2016.10.21"]
[Round "7.109"]
[White "Drogovoz, Irina"]
[Black "Kavyev, Ruslan"]
[Result "1/2-1/2"]
[WhiteElo "2144"]
[BlackElo "1890"]
[PlyCount "85"]
[EventDate "2016.10.15"]
[EventType "swiss"]
[EventRounds "9"]
[EventCountry "RUS"]

1. d4 Nf6 2. c4 c5 3. d5 b5 4. cxb5 a6 5. bxa6 g6 6. Nc3 Bg7 7. e4 O-O 8. Nf3
Qa5 9. Nd2 Bxa6 10. Be2 d6 11. O-O Nbd7 12. Nc4 Bxc4 13. Bxc4 Rfb8 14. a4 Ne5
15. Bb5 c4 16. Bd2 Nfd7 17. b3 Rc8 18. b4 Qxb4 19. f4 Nd3 20. Bxd7 Bxc3 21.
Bxc3 Qxc3 22. Bxc8 Rxc8 23. Qf3 Qd4+ 24. Kh1 c3 25. Rad1 c2 26. Rxd3 Qb2 27. h3
c1=Q 28. Rxc1 Rxc1+ 29. Kh2 Rc2 30. a5 Qa2 31. Rc3 Rxc3 32. Qxc3 Qa4 33. Qc8+
Kg7 34. a6 Qxe4 35. Qc3+ f6 36. a7 Qxf4+ 37. Kg1 Qa4 38. Qe3 Kf8 39. Qb6 Kf7
40. Qb7 Qd4+ 41. Kh1 Qa1+ 42. Kh2 Qe5+ 43. Kh1 1/2-1/2

[Event "Chigorin Memorial"]
[Site "St Petersburg"]
[Date "2016.10.21"]
[Round "7.110"]
[White "Stolyarsky, Yegor"]
[Black "Zherebtsova, Alexandra"]
[Result "0-1"]
[WhiteElo "1751"]
[BlackElo "2139"]
[PlyCount "134"]
[EventDate "2016.10.15"]
[EventType "swiss"]
[EventRounds "9"]
[EventCountry "RUS"]

1. d4 Nf6 2. Nf3 c5 3. d5 b5 4. e3 Bb7 5. c4 g6 6. Nc3 b4 7. Ne2 Bg7 8. Nf4 d6
9. Be2 O-O 10. O-O Nbd7 11. Re1 Qc7 12. Bf1 Rfe8 13. e4 e6 14. Nd3 exd5 15.
exd5 Nb6 16. Nf4 Ba6 17. Qc2 Rxe1 18. Nxe1 Re8 19. Bd2 Ne4 20. Be3 Bc8 21. Bd3
Qe7 22. Nf3 Bg4 23. Re1 Bxf3 24. gxf3 Nf6 25. Ng2 Qd8 26. Qd2 Nfd7 27. Bf4 Ne5
28. Qe2 Kf8 29. b3 a5 30. Bg3 a4 31. Kf1 a3 32. Bc2 Nc8 33. Qe3 Nd7 34. Qxe8+
Qxe8 35. Rxe8+ Kxe8 36. Ne3 f5 37. Ng2 Be5 38. Bh4 h6 39. Bg3 Kf7 40. Ke2 Kf6
41. Bf4 g5 42. Bxe5+ Kxe5 43. f4+ gxf4 44. Kf3 Nf6 45. Nxf4 Ne7 46. h3 Ne4 47.
Ne2 Ng6 48. Ke3 f4+ 49. Nxf4 Nxf4 50. Bxe4 Nxh3 51. Bg6 Nf4 52. Be8 Ng2+ 53.
Kf3 Ne1+ 54. Kg3 Nd3 55. Kf3 Nc1 56. Ke3 Nxa2 57. f4+ Kf6 58. Kd2 Nc3 59. Kc2
Kf5 60. Bf7 Kxf4 61. Bg6 Kg5 62. Bd3 h5 63. Bf1 Kg4 64. Bd3 h4 65. Bf1 Kg3 66.
Kc1 h3 67. Bxh3 Kxh3 0-1

[Event "Chigorin Memorial"]
[Site "St Petersburg"]
[Date "2016.10.21"]
[Round "7.111"]
[White "Avalyan, Artur"]
[Black "Matchenya, Ivan"]
[Result "1-0"]
[WhiteElo "2138"]
[BlackElo "1812"]
[PlyCount "85"]
[EventDate "2016.10.15"]
[EventType "swiss"]
[EventRounds "9"]
[EventCountry "RUS"]

1. e4 Nc6 2. Nf3 d6 3. d4 Nf6 4. Nc3 g6 5. Bg5 Bg7 6. Be2 O-O 7. Qd2 a6 8. d5
Nb8 9. Bh6 b5 10. Bxg7 Kxg7 11. a3 c6 12. O-O Bb7 13. dxc6 Nxc6 14. Rad1 Rc8
15. Qf4 Qc7 16. Rd2 Nb8 17. h4 Nbd7 18. Nh2 Qb6 19. Ng4 Rc5 20. Ne3 e5 21. Qf3
Rxc3 22. bxc3 Nxe4 23. Rdd1 Ndf6 24. Qh3 Rc8 25. Rd3 Nc5 26. Rdd1 Ne6 27. Bf3
Nf4 28. Qg3 d5 29. Kh2 Qe6 30. Bg4 Nxg4+ 31. Nxg4 f5 32. Rfe1 fxg4 33. Qxf4 Re8
34. Qe3 Qf6 35. Qg3 Qe6 36. Re2 e4 37. Kg1 h5 38. Re3 Rc8 39. Rd4 Qf6 40. Kh2
Kh6 41. Rd2 g5 42. Rxe4 Rxc3 43. hxg5+ 1-0

[Event "Chigorin Memorial"]
[Site "St Petersburg"]
[Date "2016.10.21"]
[Round "7.112"]
[White "Kiseleva, Arina"]
[Black "Urazayev, Arystanbek"]
[Result "0-1"]
[WhiteElo "2059"]
[BlackElo "2377"]
[PlyCount "136"]
[EventDate "2016.10.15"]
[EventType "swiss"]
[EventRounds "9"]
[EventCountry "RUS"]

1. d4 Nf6 2. Nf3 e6 3. c4 b6 4. b3 Bb4+ 5. Bd2 Be7 6. Nc3 Bb7 7. e3 c5 8. dxc5
bxc5 9. Bd3 O-O 10. O-O d5 11. Qe2 Ne4 12. Be1 Bf6 13. Rc1 Nd7 14. cxd5 exd5
15. Ba6 Nxc3 16. Bxc3 Bxa6 17. Qxa6 Qb6 18. Qd3 Bxc3 19. Rxc3 Nf6 20. Rfc1 Rac8
21. Nd2 Rfe8 22. Qc2 Nd7 23. e4 d4 24. Rc4 Rcd8 25. a3 h6 26. b4 cxb4 27. Rxb4
Qf6 28. Qa4 Ne5 29. Rxd4 Rxd4 30. Qxd4 Rd8 31. Qc3 Rd3 32. Qc8+ Kh7 33. Nb1 g6
34. Qc2 Qf4 35. Re1 g5 36. Qe2 Kg7 37. Qc2 h5 38. Qc1 Qg4 39. Kh1 h4 40. f3 Qf4
41. Qxf4 gxf4 42. Rc1 h3 43. Rf1 Kh6 44. Kg1 a5 45. a4 f6 46. Rf2 Kh5 47. Nd2
hxg2 48. Kxg2 Ra3 49. Nb1 Rb3 50. Rf1 Kh4 51. Nd2 Rb2 52. Rf2 Rb4 53. Re2 Kh5
54. h3 Rxa4 55. Nb3 Ra3 56. Nd4 Rd3 57. Ne6 Rxf3 58. Ra2 Rg3+ 59. Kf1 Kh4 60.
Rxa5 Rxh3 61. Nd4 Rd3 62. Rd5 Kg4 63. Rd6 Nc4 64. Rd8 f3 65. Rg8+ Kf4 66. Nf5
Ne3+ 67. Kf2 Rd2+ 68. Ke1 Re2# 0-1

[Event "Chigorin Memorial"]
[Site "St Petersburg"]
[Date "2016.10.21"]
[Round "7.113"]
[White "Kononenko, Dmitry"]
[Black "Kulagin, Sergey"]
[Result "1-0"]
[WhiteElo "2315"]
[BlackElo "2054"]
[PlyCount "39"]
[EventDate "2016.10.15"]
[EventType "swiss"]
[EventRounds "9"]
[EventCountry "RUS"]

1. d4 e6 2. e4 d5 3. Nc3 Nf6 4. Bg5 dxe4 5. Nxe4 Be7 6. Bxf6 gxf6 7. Nf3 a6 8.
Bd3 b5 9. Qe2 Bb7 10. O-O-O Nd7 11. Kb1 Nb6 12. Nc5 Bd5 13. Be4 Bxe4 14. Qxe4
Qd5 15. Qf4 Qd6 16. Qh6 Qd5 17. Rd3 Qf5 18. Re1 Nd5 19. Qd2 Nf4 20. g4 1-0

[Event "Chigorin Memorial"]
[Site "St Petersburg"]
[Date "2016.10.21"]
[Round "7.114"]
[White "Sichinava, Zviad"]
[Black "Zubova, Mariya"]
[Result "1-0"]
[WhiteElo "2305"]
[BlackElo "2051"]
[PlyCount "71"]
[EventDate "2016.10.15"]
[EventType "swiss"]
[EventRounds "9"]
[EventCountry "RUS"]

1. d4 Nf6 2. c4 g6 3. g3 Bg7 4. Bg2 d5 5. cxd5 Nxd5 6. e4 Nb6 7. Ne2 O-O 8. O-O
c6 9. e5 Na6 10. Nbc3 Nb4 11. a3 N4d5 12. Ne4 Bf5 13. Nc5 Qc8 14. b4 a5 15.
bxa5 Rxa5 16. Bd2 Ra7 17. Qb3 Bh3 18. Bxh3 Qxh3 19. a4 Qc8 20. Rfb1 e6 21. a5
Nd7 22. Nxb7 c5 23. Nc3 cxd4 24. Nd6 Qa8 25. Nxd5 Nxe5 26. f4 exd5 27. fxe5
Bxe5 28. Nb5 Ra6 29. Re1 Bb8 30. Re7 Re6 31. Rd7 Be5 32. Qxd5 Qa6 33. Bh6 Rfe8
34. Rf1 f6 35. Rg7+ Kh8 36. Qd7 1-0

[Event "Chigorin Memorial"]
[Site "St Petersburg"]
[Date "2016.10.21"]
[Round "7.115"]
[White "Sinitsina, Anastassia"]
[Black "Amina, Battsooj"]
[Result "1/2-1/2"]
[WhiteElo "2047"]
[BlackElo "2274"]
[PlyCount "161"]
[EventDate "2016.10.15"]
[EventType "swiss"]
[EventRounds "9"]
[EventCountry "RUS"]

1. e4 e5 2. Nf3 Nc6 3. Bb5 a6 4. Ba4 Nf6 5. O-O Be7 6. Re1 b5 7. Bb3 O-O 8. h3
d6 9. c3 Bb7 10. d4 Re8 11. Nbd2 Bf8 12. d5 Nb8 13. Nf1 Nbd7 14. N3h2 c6 15.
dxc6 Bxc6 16. Ng3 Nc5 17. Bc2 h6 18. Ng4 Nxg4 19. Qxg4 Qf6 20. b4 Nd7 21. Bb3
Kh7 22. Re3 Qg6 23. Qe2 Nf6 24. Nf5 d5 25. exd5 Nxd5 26. Nh4 Qf6 27. Bxd5 Bxd5
28. Qd3+ Kg8 29. Qxd5 Qxh4 30. Rf3 Qh5 31. Be3 Rac8 32. Bb6 Re6 33. Qb7 Rcc6
34. Ba7 Rc4 35. Qa8 f6 36. Bc5 Qe8 37. Qxe8 Rxe8 38. Bxf8 Kxf8 39. a4 bxa4 40.
Rxa4 Re6 41. Kf1 Rd6 42. Ke2 e4 43. Re3 f5 44. f3 g5 45. Ra5 exf3+ 46. Rxf3 f4
47. Re5 Kf7 48. Rd3 Re6 49. Rd7+ Kf6 50. Rxe6+ Kxe6 51. Rh7 Rxc3 52. Rxh6+ Kd5
53. Rxa6 Ke4 54. Re6+ Kf5 55. Re8 Rc2+ 56. Kf3 Rc3+ 57. Kf2 Rb3 58. Rb8 Rb2+
59. Kg1 Rb1+ 60. Kh2 Rb2 61. b5 Kg6 62. Kg1 Rb1+ 63. Kf2 Rb2+ 64. Kf3 Kf5 65.
b6 Rb3+ 66. Kf2 Rb2+ 67. Kg1 Rb1+ 68. Kh2 Kg6 69. b7 Kg7 70. h4 g4 71. h5 Rb2
72. h6+ Kh7 73. Kg1 g3 74. Kf1 Rf2+ 75. Ke1 Rb2 76. Rf8 Rxb7 77. Rxf4 Kxh6 78.
Ke2 Kg5 79. Re4 Rf7 80. Re5+ Kf4 81. Re8 1/2-1/2

[Event "Chigorin Memorial"]
[Site "St Petersburg"]
[Date "2016.10.21"]
[Round "7.116"]
[White "Danielyan, Vahe"]
[Black "Zaika, Daniil"]
[Result "1-0"]
[WhiteElo "2270"]
[BlackElo "2038"]
[PlyCount "143"]
[EventDate "2016.10.15"]
[EventType "swiss"]
[EventRounds "9"]
[EventCountry "RUS"]

1. e4 e6 2. d4 d5 3. Nc3 Nf6 4. Bg5 Be7 5. e5 Nfd7 6. h4 a6 7. Qg4 Bxg5 8. hxg5
c5 9. g6 f5 10. Qf4 h6 11. dxc5 Nc6 12. Nf3 Qa5 13. O-O-O Qxc5 14. g4 Rf8 15.
g5 h5 16. Rxh5 Qxf2 17. Rh2 Qc5 18. Kb1 Nb6 19. Rh7 Rg8 20. Nd4 Nxd4 21. Rxd4
Bd7 22. Qf2 Nc8 23. Ne2 Ne7 24. Nf4 Nc6 25. Rd2 Qe7 26. Nh5 O-O-O 27. Qf4 Be8
28. Nf6 Rf8 29. Nxe8 Rfxe8 30. a3 Qc7 31. Re2 Rg8 32. Re1 Ne7 33. Qb4 Nxg6 34.
Re3 Ne7 35. Rc3 Nc6 36. Qa4 d4 37. Rc4 Rd5 38. Bg2 Ra5 39. Qb3 Rb5 40. Qd3 Qb6
41. b4 Rxe5 42. Bxc6 bxc6 43. Rxd4 Rd5 44. Rxd5 cxd5 45. Qc3+ Qc7 46. Qd4 f4
47. Rh3 Kb8 48. Rc3 Qd6 49. b5 e5 50. Qd3 e4 51. Qd4 Rc8 52. Rb3 Qc5 53. Qb2 a5
54. b6 d4 55. Qc1 e3 56. Qe1 Rc6 57. c3 Qf5+ 58. Ka2 d3 59. b7 d2 60. Qh1 Qc2+
61. Rb2 Qxb2+ 62. Kxb2 Rb6+ 63. Kc2 Rxb7 64. Qf3 Rf7 65. Qd5 Rc7 66. c4 f3 67.
Qb5+ Ka7 68. Qxa5+ Kb7 69. Qb4+ Ka7 70. Qa4+ Kb7 71. Qb3+ Kc8 72. Qxe3 1-0

[Event "Chigorin Memorial"]
[Site "St Petersburg"]
[Date "2016.10.21"]
[Round "7.117"]
[White "Petrochenko, Maria"]
[Black "Guzenko, Artem"]
[Result "1/2-1/2"]
[WhiteElo "2037"]
[BlackElo "2261"]
[PlyCount "80"]
[EventDate "2016.10.15"]
[EventType "swiss"]
[EventRounds "9"]
[EventCountry "RUS"]

1. d4 Nf6 2. c4 c5 3. d5 g6 4. Nc3 Bg7 5. g3 d6 6. Bg2 O-O 7. Nf3 e6 8. O-O
exd5 9. cxd5 Re8 10. Bf4 Bg4 11. Nd2 Nh5 12. Be3 Qd7 13. a4 Na6 14. Nc4 Nb4 15.
Nb5 Bf8 16. f3 Bf5 17. Nba3 Bh3 18. Bf2 Bxg2 19. Kxg2 f5 20. Nc2 Na6 21. Qd3
Nf6 22. Nd2 Nc7 23. e4 fxe4 24. fxe4 Ng4 25. Ne3 Nxf2 26. Rxf2 Bg7 27. Nec4 Re7
28. a5 Rae8 29. Re1 Nb5 30. Rb1 Qc7 31. Qb3 Nd4 32. Qa4 a6 33. Rbf1 Qd7 34.
Qxd7 Rxd7 35. Nb6 Rde7 36. Nbc4 Rd7 37. Nb6 Rde7 38. Nbc4 Rd7 39. Nb6 Rde7 40.
Nbc4 Rd7 1/2-1/2

[Event "Chigorin Memorial"]
[Site "St Petersburg"]
[Date "2016.10.21"]
[Round "7.118"]
[White "Minbayev, Bolatbek"]
[Black "Melnikov, Dmitry"]
[Result "0-1"]
[WhiteElo "2034"]
[BlackElo "2254"]
[PlyCount "64"]
[EventDate "2016.10.15"]
[EventType "swiss"]
[EventRounds "9"]
[EventCountry "RUS"]

1. e4 c6 2. d4 Na6 3. Nc3 Nc7 4. d5 cxd5 5. exd5 d6 6. Nf3 g6 7. Bg5 Bg7 8. Qd2
Nf6 9. O-O-O Bg4 10. Be2 h6 11. Be3 b5 12. Nd4 b4 13. Ncb5 Bxe2 14. Nxc7+ Qxc7
15. Qxe2 O-O 16. Qb5 Rfc8 17. Qd3 a5 18. Kb1 a4 19. Rd2 a3 20. Nb5 Qd7 21. b3
Rab8 22. c4 bxc3 23. Nxc3 Rxc3 24. Qxc3 Nxd5 25. Qd3 Nc3+ 26. Ka1 Ne4+ 27. Bd4
Nxd2 28. Qxd2 Bxd4+ 29. Qxd4 Qc6 30. Rg1 Rc8 31. Qe3 d5 32. Qd3 Qf6+ 0-1

[Event "Chigorin Memorial"]
[Site "St Petersburg"]
[Date "2016.10.21"]
[Round "7.119"]
[White "Sapegin, Yaroslav"]
[Black "Kaganskiy, Gleb"]
[Result "1/2-1/2"]
[WhiteElo "2013"]
[BlackElo "2226"]
[PlyCount "118"]
[EventDate "2016.10.15"]
[EventType "swiss"]
[EventRounds "9"]
[EventCountry "RUS"]

1. d4 d5 2. c4 e6 3. Nf3 c6 4. g3 Nf6 5. Bg2 Bb4+ 6. Bd2 Be7 7. O-O b6 8. Qc2
Ba6 9. b3 O-O 10. Rd1 Nbd7 11. a4 Rc8 12. a5 Bb7 13. axb6 axb6 14. Ra7 Ba8 15.
Nc3 c5 16. cxd5 Nxd5 17. Nxd5 Bxd5 18. e4 cxd4 19. Qb1 Ba8 20. Bf4 e5 21. Nxe5
Nc5 22. b4 Ne6 23. Bh3 Nxf4 24. gxf4 Rc3 25. Bg4 Bh4 26. Nxf7 Bxf2+ 27. Kf1
Rxf7 28. Be6 Bc6 29. Rxf7 Bb5+ 30. Kxf2 Qh4+ 31. Kg2 h5 32. Rf5+ Kh7 33. Rxb5
Qxf4 34. Rxh5+ Kg6 35. e5+ d3 36. Rxd3 Qe4+ 37. Rf3 Rc2+ 38. Qxc2 Qxc2+ 39. Kg3
Kxh5 40. Bf7+ Kh6 41. e6 g6 42. Re3 Qc7+ 43. Kf3 Qe7 44. Re4 g5 45. Ke3 Kg7 46.
Rd4 Kf6 47. h4 Ke5 48. Re4+ Kf5 49. h5 g4 50. Bg6+ Kg5 51. Re5+ Kh6 52. Re4
Qg5+ 53. Kd3 g3 54. e7 Qb5+ 55. Kc3 Qc6+ 56. Kb3 Qd5+ 57. Kc3 Qc6+ 58. Kb3 Qd5+
59. Kc3 Qc6+ 1/2-1/2